000
00279nam a22001337a 4500
003
SGT
082
_a
370
_b
J16M
100
_a
MISHRA, REEMA
245
_a
JANSANKHYA SHIKSHA
260
_a
NEW DELHI
_b
SUDERSHAN PUB
_c
2016
300
_a
408
650
_a
EDUCATION
942
_2
ddc
_c
BK
999
_c
12131
_d
12131